| 000 | 00782nam a22002177a 4500 | ||
|---|---|---|---|
| 005 | 2010081108408.0 | ||
| 010 | _aENG-99720 | ||
| 020 |
_c200.00 _a9788189975630 |
||
| 035 | _aEN-83252 | ||
| 037 | _bDBAD/PUB | ||
| 082 | _aN | ||
| 100 |
_aTagore, Rabindranath _911238 |
||
| 245 |
_aBroken nest and other stories / _cby Rabindranath Tagore; translated by Sharmistha Mohanty |
||
| 260 |
_aChennai _bTranquebar Press _c2009 |
||
| 270 |
_a571, Poonamallee High Road, Kamaraj Bhavan, Aminijikarai _bChennai _e600029 |
||
| 300 |
_axvii, 129p. _c18cm (pbk) |
||
| 650 |
_aNovel _9904 |
||
| 700 |
_aMohanty, Sharmistha _911239 |
||
| 942 |
_2ddc _cEN _hN _mTAG |
||
| 999 |
_c41118 _d41118 |
||